Research centres directory (Record no. 19215)
[ view plain ]
| 000 -LEADER | |
|---|---|
| fixed length control field | 00352nam a2200121Ia 4500 |
| 082 ## - DEWEY DECIMAL CLASSIFICATION NUMBER | |
| Classification number | RR 001.43025 RES |
| 245 #0 - TITLE STATEMENT | |
| Title | Research centres directory |
| 260 ## - PUBLICATION, DISTRIBUTION, ETC. (IMPRINT) | |
| Place of publication | Detroit |
| Name of publisher | Gale Research Company |
| Year of publication | 1972 |
| 300 ## - PHYSICAL DESCRIPTION | |
| Number of Pages | n.p. |
| 500 ## - GENERAL NOTE | |
| General note | Institute Index : p.907-955; Alphabetic Index of Research Centres : p.957-972 |
| 710 ## - ADDED ENTRY--CORPORATE NAME | |
| Corporate name or jurisdiction name as entry element | Palmer, Archie M. |
| 942 ## - ADDED ENTRY ELEMENTS (KOHA) | |
| Koha item type | Books |
| Withdrawn status | Lost status | Damaged status | Not for loan | Home library | Current library | Date acquired | Full call number | Accession Number | Price effective from | Koha item type |
|---|---|---|---|---|---|---|---|---|---|---|
| NASSDOC Library | NASSDOC Library | 08/10/2004 | RR 001.43025 RES | 6782 | 18/04/2019 | Books |
